00315pam a2200109 a 4500020000500000041000500005100002000010245012800030250001000158260002000168300001700188 c h aEdward De Bono. aEdword DeBona : New Thinking for the New MillenniumbEdword DeBona : New Thinking for the New MillenniumhTextual Documents a2000. a[s.l]:bPenguin a288:bpaper.